000 00801nam a2200229 u 4500
005 20230106063526.0
008 121016s2006 ag r 000 0 spa d
020 _a9502411730 (10 dígitos)
020 _a9789502411736 (13 dígitos)
035 _aUPN01000187556
049 _aI
050 4 _aQ163
_bM3.2
100 1 _aMason, Adrienne
_933369
245 1 0 _aCómo se mueven las cosas :
_bjuguemos con el movimiento y las fuerzas /
_cAdrienne Mason ; il. Claudia Dávila ; tr. Silvina Merlos.
260 _aBuenos Aires :
_bAlbatros,
_c2006.
300 _a32 p. :
_bil. col.
440 0 _aPequeños científicos.
_pDe 4 a 7 años
534 _pTítulo original:
_tTouch ¡t! materials, matter and you
650 2 _aCiencia
_vLiteratura infantil
_911354
905 _aInfantil
999 _c159659
_d159659